| 000 | 00465nam a22001697a 4500 | ||
|---|---|---|---|
| 005 | 20250417100253.0 | ||
| 008 | 250405b |||||||| |||| 00| 0 eng d | ||
| 020 | _a9781786431707 | ||
| 041 | _aeng | ||
| 082 | _a658.4038 ORT | ||
| 100 | _aÖrtenblad, Anders | ||
| 245 | _aHandbook of Research on Knowledge Management: Adaptation and Context | ||
| 260 |
_aUK _bEdward Elgar _c2014 |
||
| 300 | _a464;. pages 23 cm | ||
| 650 | _aKnowledge Management | ||
| 942 | _cBK | ||
| 999 |
_c43584 _d43584 |
||